| 000 | 01679cam a22004094i 4500 | ||
|---|---|---|---|
| 003 | PE-LiUPU | ||
| 005 | 20250731183359.0 | ||
| 008 | 150623s r 000 0 d | ||
| 020 | _a0810964228 | ||
| 035 | _a(Sirsi) i9780810964228 | ||
| 040 |
_aPE-LiUPU _bspa _cPE-LiUPU _erda |
||
| 049 | _aPRUA | ||
| 082 | 0 | 4 |
_a709.35 _bR72 _221 |
| 245 | 0 | 4 | _aThe royal city of Susa; ancient near eastern treasures in the Louvre. |
| 264 | 1 |
_aNew York, NY : _bThe Metropolitan Museum of Art, _c1993. |
|
| 300 |
_a316 páginas : _bilustraciones fotos, gráficos ; _c29 centímetros |
||
| 336 |
_atext _2rdacontent |
||
| 337 |
_aunmediated _2rdamedia |
||
| 338 |
_avolume _2rdacarrier |
||
| 504 | _aIncluye bibliografía. | ||
| 505 | 0 | _aSusa in the ancient near east.- Prehistoric Susa.- Protoliterate Susa.- The old elamite period.- The middle elamite period.- The Mesopotamian presence.- Popular art at Susa.- The neo-elamite period.- Susa in the achaemenid period.- The written record.- Technical appendix.- Contributors to the catalogue. | |
| 526 | _aP158 | ||
| 526 | _aP146 | ||
| 526 | _aP17 | ||
| 526 | _aP12 | ||
| 526 | _aP06 | ||
| 650 | 0 | 4 |
_aARTE ANTIGUO _zCERCANO ORIENTE _xEXHIBICIONES. |
| 650 | 0 | 4 |
_aARTE _zCERCANO ORIENTE _xEXHIBICIONES. |
| 650 | 0 | 4 |
_aMUSEO DE LOUVRE _xEXHIBICIONES. |
| 700 |
_aJoan, Aruz., _eeditor. _96180 |
||
| 700 |
_aHarper, Prudence O., _eeditor. _96181 |
||
| 700 |
_aTallon, Francoise, _eeditor. _96182 |
||
| 942 |
_2ddc _cBOOK |
||
| 949 |
_a709.35 R72 _wDEWEY _c1 _i45651 _lCCODEBUL1 _mBUL _r0 _sY _tBOOK _u2015-6-24 _xTEOLOGIA _0COMPRA _o.STAFF. Colección General |
||
| 999 |
_c22527 _d22527 |
||
| 980 |
_81 _gALBERTO SANCHEZ Responsable de Automatización |
||